This side of Paradise

Salvato in:
Dettagli Bibliografici
Autore principale: Francis Scott Fitzgerald
Natura: Libro
Lingua:Undetermined
Pubblicazione: London Everyman's Library 1996
Soggetti:
Tags: Aggiungi Tag
Nessun Tag, puoi essere il primo ad aggiungerne! !
Thư viện lưu trữ: Trung tâm Học liệu Trường Đại học Cần Thơ
LEADER 00539nam a2200181Ia 4500
001 CTU_33911
008 210402s9999 xx 000 0 und d
082 |a 813.5 
082 |b F553s 
100 |a Francis Scott Fitzgerald 
245 0 |a This side of Paradise 
245 0 |c Francis Scott Fitzgerald 
260 |a London 
260 |b Everyman's Library 
260 |c 1996 
650 |a american fiction - 20th century,american literature - 20th century 
904 |i Minh, 991117 
980 |a Trung tâm Học liệu Trường Đại học Cần Thơ